|
|
|
|
| LEADER |
00000nam0a2200000 4500 |
| 001 |
35209 |
| 005 |
20231030232907.0 |
| 035 |
|
|
|a (RuTPU)RU\TPU\book\35632
|
| 035 |
|
|
|a BOOK00002284
|
| 090 |
|
|
|a 35209
|
| 100 |
|
|
|a 20011210d1966 m y0rusy50 ca
|
| 101 |
0 |
|
|a rus
|
| 102 |
|
|
|a RU
|
| 105 |
|
|
|a y j 000zy
|
| 200 |
1 |
|
|a Поиски и разведка угольных месторождений
|e учебное пособие
|f К. В. Миронов
|
| 210 |
|
|
|a Москва
|c Недра
|d 1966
|
| 215 |
|
|
|a 303 с.
|
| 610 |
1 |
|
|a геология
|
| 610 |
1 |
|
|a угольные месторождения
|
| 610 |
1 |
|
|a уголь
|
| 610 |
1 |
|
|a качество
|
| 610 |
1 |
|
|a геологические исследования
|
| 610 |
1 |
|
|a учебные пособия
|
| 675 |
|
|
|a 553.94(075.8)
|v 3
|
| 700 |
|
1 |
|a Миронов
|b К. В.
|g Константин Васильевич
|
| 801 |
|
0 |
|a RU
|b 63413507
|c 20011210
|g PSBO
|
| 801 |
|
2 |
|a RU
|b 63413507
|c 20150401
|g PSBO
|
| 900 |
|
|
|a Разведка и геолого-экономическая оценка угольных месторождений
|
| 942 |
|
|
|c BK
|